[Event "Hoogovens-B"]
[Site "Wijk aan Zee"]
[Date "1997.01.25"]
[Round "4"]
[White "Peng, Zhaoqin"]
[Black "Kalinin, Alexander"]
[Result "1/2-1/2"]
[WhiteElo "2370"]
[BlackElo "2425"]
[Annotator "Avrukh,B"]
[PlyCount "52"]
[EventDate "1997.01.21"]
[EventType "tourn"]
[EventRounds "11"]
[EventCountry "NED"]
[EventCategory "10"]
[SourceTitle "CBM 057"]
[Source "ChessBase"]
[SourceDate "1997.04.01"]
[SourceVersion "1"]
[SourceVersionDate "1997.04.01"]
[SourceQuality "1"]

1. d4 Nf6 2. c4 e6 3. Nf3 b6 4. g3 Ba6 5. b3 Bb4+ 6. Bd2 Be7 7. Bg2 c6 8. Bc3
d5 9. Ne5 Nfd7 10. Nxd7 Nxd7 11. Nd2 O-O 12. O-O Rc8 13. e4 b5 14. Re1 dxc4 15.
bxc4 bxc4 16. Qc2 (16. Qa4) 16... Re8 (16... Nb6 17. a4 $1 (17. Nf1 c5 18. d5
exd5 19. exd5 Bf6 20. Ne3 Rb8 21. Be4 h6 22. Nf5 {draw Chernin-Hertneck 1985})
17... Qc7 18. a5 Nd7 19. Bf1 c5 20. d5 exd5 21. exd5 Nf6 22. Be5 $1 Qd8 23.
Nxc4 Qxd5 (23... Nxd5 24. Rad1 $36) 24. Nb6 $1 axb6 25. Bxa6 Ra8 26. axb6 $18 {
Chernin.}) (16... Qc7 17. Bf1 e5 18. Nxc4 Bxc4 19. Bxc4 exd4 20. Bxd4 Ne5 21.
Be2 Rfd8 22. Red1 c5 23. Rac1 Nc6 24. Be3 $16 {Chernin-Psakhis 1993}) 17. Rad1
(17. Bf1 c5 18. d5 exd5 19. exd5 Nb6 20. Rad1 Qxd5 21. Nxc4 Qa8 $1 $17) 17...
Qc7 (17... Bf8 $5 18. a4 c5 19. d5 exd5 20. exd5 Rxe1+ 21. Rxe1 Nb6 22. Ba5 {
Cosma-Stoica,V 1995} Qd6 $1 23. Bxb6 Qxb6 24. Nxc4 Qb4 25. Rc1 Re8 $15) 18. Bf1
Nb6 (18... c5 19. d5 exd5 20. exd5 Nb6 21. Ba5 (21. Nxc4 Bxc4 22. Be5 Bd6 23.
Bxd6 Qxd6 24. Bxc4 $10) 21... Qd7 (21... Rcd8 22. Nxc4 Bb7 23. Bg2 $14) 22.
Nxc4 Nxc4 23. Bxc4 Bxc4 24. Qxc4 Bd6 $10) 19. a4 c5 20. a5 (20. d5 $6 exd5 21.
a5 d4 $1 22. axb6 axb6 23. Ba1 b5 $17) 20... cxd4 (20... Nd7 21. d5 exd5 22.
exd5 $14) 21. axb6 Qxb6 22. Rb1 (22. Ba1 Bb4 (22... d3 23. Qc3 Bf6 24. e5 $16)
(22... Qc5 $5 23. Rc1 (23. Qa2 Bb5 24. Rc1 c3 25. Nb3 Bc4 $1 $15) 23... Bg5 24.
Rcd1 e5 $15) 23. Rb1 c3 24. Nf3 Bxf1 25. Rxf1 e5 26. Ne1 a5 27. Nd3 Rc4 $15)
22... dxc3 (22... Qd6 $2 23. Bb4 d3 24. Qa2 Qc6 25. Bxe7 Rxe7 26. Rec1 c3 27.
Rb3 $1 $16) 23. Rxb6 cxd2 24. Ra1 axb6 25. Rxa6 Red8 26. Ra1 (26. Be2 b5 27.
Ra7 Kf8 28. e5 g6 29. Rb7 b4 30. Bd1 $10) 26... c3 $44 1/2-1/2

[Event "EU-Cup 14th final"]
[Site "Belgrade"]
[Date "1999.01.11"]
[Round "1"]
[White "Avrukh, Boris"]
[Black "Sakaev, Konstantin"]
[Result "1-0"]
[WhiteElo "2565"]
[BlackElo "2635"]
[Annotator "Avrukh,B"]
[PlyCount "69"]
[EventDate "1999.01.11"]
[EventType "team-k.o."]
[EventRounds "3"]
[EventCountry "YUG"]
[SourceTitle "EXT 2020"]
[Source "ChessBase"]
[SourceDate "2019.10.17"]
[SourceVersion "1"]
[SourceVersionDate "2019.10.17"]
[SourceQuality "1"]
[WhiteTeam "Beer-Sheva Chess Club"]
[BlackTeam "St Petersburg"]
[WhiteTeamCountry "ISR"]
[BlackTeamCountry "RUS"]

1. d4 {Dautov} Nf6 2. c4 e6 3. Nf3 b6 4. g3 Ba6 5. b3 Bb4+ 6. Bd2 Be7 7. Bg2 c6
8. Bc3 d5 9. Nbd2 Nbd7 10. Qc2 O-O (10... Bb7 $6 11. O-O c5 (11... O-O 12. e4 {
+=}) 12. dxc5 Nxc5 (12... bxc5 13. cxd5 exd5 14. Nh4 {+/-}) 13. b4 Ncd7 14.
cxd5 Bxd5 15. e4 Bb7 16. Nd4 Rc8 17. Qb3 O-O 18. Rac1 a6 19. a4 {+= 1-0
Velikov, P-Kruszynski,W/Albena 1983/MCD-r8 (34)}) 11. e4 Rc8 12. O-O b5 {
This logical move was like a novelty for me during the game, 12...c5 was the
only move, which I studyied before. And suddenly I discovered, that I have no
normal possibility except an exchange sacrifice, which I had to play in the
game.} (12... c5 {Dautov} 13. exd5 exd5 14. Rfe1 Re8 15. Rad1 Qc7 16. Ba1 dxc4
17. Nxc4 Bb7 (17... cxd4 18. Nxd4 {+=}) 18. Nce5 cxd4 19. Qxc7 Rxc7 20. Nxd4
Nxe5 21. Nb5 Rc5 22. Rxe5 Bxg2 23. Kxg2 Rc2 {= Andrianov,N-Korolev,A/corr. 1987
}) 13. e5 Ne8 14. c5 {'!' Dautov. Dautov: 'Ein aussichtreiches Opfer. F�r
die Qualit�t bekommt Wei� einen Bauern und gro�en Raumvorteil.'} b4 $8 {
Certainly if black not accept white's sacrifise, he will get a strategically
lost position.} 15. Bxb4 Bxf1 16. Bxf1 {~= The position which I didn't like
during the game in fact is very unclear. White has a clear play on the
Queenside, on the other side black's play is to provoke f7-f6, but very
accurately because after this the e6-weakness must be desicive.} a5 ({The only
example, which I found in this position was Arbakov-Sax, which continued:} 
16... Rb8 17. Bc3 {and here 17Qc3 with idea Ba5 deserved attention} f6 18. b4 (
18. exf6 $5) 18... a5 19. a3 Nc7 20. Rc1 axb4 21. axb4 f5 22. Nb3 Nb5 23. Na5
Qc8 24. Bd2 {=+ 0-1 Arbakov, V-Sax,G/Muenster 1996/EXP 55 (45)}) 17. Bc3 Ra8 {
With two good moves Sakaev took control over two important squares a5 and a6
and also brake on my play on the queenside. Dautov: 'Die Stellung ist
geschlossen, so finden die schwarzen T�rme vorerst keine Anwendung.'} (17...
f6 {Dautov} 18. exf6 Rxf6 (18... Bxf6 $2 19. Bh3 {+/-}) 19. Re1 g6 20. Bh3 Ng7
21. a3 {+=}) 18. Bd3 g6 (18... h6 $2 19. Re1 Nc7 20. Nf1 $36 {/\Qd1,Bb1,Qd3/
^b1-h7}) (18... h6 $5 {Dautov mit weiterem Nc7 kam in Frage.}) 19. Re1 {
'+/=' Dautov.} Ng7 {A nice square for the knight, where he also protects the
e6-square, after the coming f7-f6.} ({Nach} 19... Nc7 {Dautov w�rde dieser
Springer am K�nigsfl�gel fehlen:} 20. h4 $1 (20. a3 Qb8 21. b4 axb4 22.
axb4 Nb5 23. Bb2 Nc7 {=}) 20... f5 21. exf6 Rxf6 (21... Bxf6 22. h5 $40) 22.
Nh2 {+= , und die Drohungen Ng4 und h4-h5 sind sehr unangenehm.}) 20. a3 {
'!' Dautov.} Qc7 21. b4 axb4 22. axb4 {Dautov: 'Wei� beabsichtigt die
�berf�hrung eines Springers nach a5, um die Schw�che c6 aufs Korn zu
nehmen.'} f6 {'!' Dautov. Dautov: 'Schwarz hat nur diese M�glichkeit, seine
Figuren zu aktivieren.'} (22... f5 23. Nb3 $6 (23. exf6 $142 {-22...f6}) 23...
g5 24. Na5 g4 25. Nd2 Bg5 {=+}) 23. exf6 (23. Nb3 $6 fxe5 (23... f5 $5) 24.
Nxe5 Nxe5 25. dxe5 Ra3 $1 {=+ <->a1-a8}) 23... Bxf6 {'?' Dautov. Dautov:
'Dieses Schlagen sieht sehr nat�rlich aus, erlaubt jedoch Wei�, seinen
Plan durchzuf�hren.'} (23... Rxf6 $1 {(Dautov) /\Raf8 war korrekt. Schwarz
sucht Gegenspiel auf der f-Linie.} 24. Ne5 Nxe5 25. Rxe5 Raf8 26. f4 (26. Re2
$5) 26... R6f7 27. Nb3 Bf6 28. Re1 Qd7 29. Na5 Nf5 $132) 24. Nb3 Rfe8 25. Na5 {
'+/ -' Dautov.} Kf7 (25... e5 $2 26. dxe5 Nxe5 27. Nxe5 Bxe5 28. Bxe5 Rxe5 29.
Rxe5 Qxe5 30. Nxc6 {+/-}) (25... Nf5 $2 26. Qa4 Nb8 27. b5 $36 (27. Ne5 {Dautov
} Bxe5 28. Rxe5 {+/-})) 26. Qa4 Rec8 (26... Rac8 $1 {Dautov} 27. Ba6 {+-}) 27.
Bd2 $1 {Nice idea white's bishop will get new square on f4. Dautov: 'W�hrend
Schwarz an seine Schw�chen gebunden ist, verst�rkt Wei� unaufhaltsam den
Druck.'} Nf5 (27... e5 $2 28. dxe5 Nxe5 29. Nxe5+ Bxe5 30. Qxc6 $1 {+/-}) 28.
Bf4 Qa7 (28... Qd8 $2 29. Qd1 $1 Ra7 30. Qe2 Qe8 31. Bxf5 gxf5 (31... exf5 32.
Qxe8+ Rxe8 33. Rxe8 Kxe8 34. Nxc6 {+/-}) 32. Ng5+ $1 Bxg5 33. Qh5+ Kg8 34.
Qxg5+ Kh8 35. Qh6 Nf8 36. Bd6 Ng6 37. h4 {+-}) 29. Bxf5 gxf5 $2 $138 {'?'
Dautov. Desicive mistake in both sides timetrouble, after a very good
defensive game Sakaev missed white's idea, after which white will get a
desicive attack. Dautov: 'Der entscheidende Fehler. Pl�tzlich ger�t der
schwarze K�nig in gro�e Gefahr.'} ({After} 29... exf5 {I didn't find
something special and black gets good chances to save this game f.e.} 30. Bg5 (
30. Qb3 {/\31Nc6} Qa6 $1 (30... Kg7 $2 31. Re6 Qa6 32. Qe3 {+/-}) 31. Bg5 Re8 {
=+}) (30. Ng5+ Bxg5 (30... Kg8 {Dautov}) 31. Bxg5 Nf6 {=+}) (30. Qd1 {Dautov}
Qa6) 30... Qc7 31. Bxf6 Kxf6 {Dautov: ', und Wei� hat nicht mehr als eine
ausreichende Kompensation.'} 32. Ne5 Nxe5 $8 33. dxe5+ Kg7 (33... Ke6 34. Qd1
$36) 34. e6 Qe7 35. Qa1+ Qf6 (35... Kg8 36. Qe5 {+/-}) 36. Qxf6+ Kxf6 37. e7
Kf7 38. Nb7 Re8 39. Nd6+ Kf6 {=}) 30. Qd1 $1 {Now all black piecies , which
placed on the queenside cannot help to his king on the other side of the board.
Dautov: 'Ausgezeichnet! Die wei�e Dame wird blitzschnell auf den
K�nigsfl�gel �berf�hrt, das Ziel - schwache Felder h5 und h6.'} Nf8 (
30... Qa6 31. Ng5+ Bxg5 32. Qh5+ {+-} (32. Qh5+ {Dautov} Kf8 33. Bxg5 {+-}))
31. Be5 $1 Bd8 (31... Ng6 32. Bxf6 Kxf6 33. h4 $1 $40 (33. Qd2 $5 $40)) 32. Bd6
{'!' Dautov.} Bxa5 (32... Ng6 33. Ne5+ $1 Nxe5 34. Qh5+ Ng6 (34... Kg7 {Dautov}
35. Bxe5+ Kf8 36. Bd6+ {+-}) 35. Qxh7+ {+-}) (32... Bf6 {Dautov} 33. Bxf8 Rxf8
34. Ne5+ Bxe5 35. Nxc6 {+-}) 33. bxa5 Qxa5 34. Qc1 $1 Qa3 (34... Qa7 $8 {Dautov
} 35. Qh6 Kg8 36. Bxf8 Rxf8 37. Qxe6+ Qf7 38. Qxc6 {+-}) 35. Ne5+ 1-0

[Event "ISR-chT 0809"]
[Site "Israel"]
[Date "2009.02.14"]
[Round "6"]
[White "Avrukh, Boris"]
[Black "Lerner, Konstantin Z"]
[Result "1-0"]
[WhiteElo "2645"]
[BlackElo "2542"]
[Annotator "Avrukh,B"]
[PlyCount "127"]
[EventDate "2008.12.12"]
[EventType "team-tourn"]
[EventRounds "11"]
[EventCountry "ISR"]
[SourceTitle "CBM 130"]
[Source "ChessBase"]
[SourceDate "2009.05.20"]
[SourceVersion "1"]
[SourceVersionDate "2009.05.20"]
[SourceQuality "1"]

1. d4 Nf6 2. c4 e6 3. g3 d5 4. Bg2 Bb4+ {It was really very easy to guess my
opponent's choice, as in my opinion he one of the great experts in 4...
Bb4-line, that he has played frequently, since 1985.} 5. Bd2 Be7 6. Nf3 O-O 7.
O-O c6 {there is no doubt that the Bb4, Be7 system is one of the most solid of
Black's options against the Catalan.} 8. Qc2 ({In our previous encounter I
opted for} 8. Bf4 {. You can find that game fully annotated in CBM 104.}) 8...
b6 9. Rd1 {An important crossroad for Black} Ba6 {Obviously Black can develop
his bishop to b7; that is quite popular as well.} 10. b3 Nbd7 11. a4 $5 {
The latest trend in this position, that is slowly becoming more and more
popular thanks, to the efforts of Vladimir Kramnik and Boris Gelfand. White
starts some activity on the queenside and what I realy like in this variation
is that White tries to justify his usually "misplaced" dark-squared bishop on
d2.} ({Still, the main line is considered to be} 11. Bf4) 11... c5 {Black's
most popular reply. One of my recent games saw:} (11... Qc8 12. Na3 c5 13. Qb2
Ne4 14. Be1 Qb7 {It's looks a bit strange to place queen on the diagonal of
the "Catalan" bishop, but Black has enough time to regroup} 15. e3 Rac8 16.
Rac1 Qa8 $6 {Not the best square for Black's queen, better would have been} (
16... Qb8 {, though after} 17. Ne5 {I would prefer White's position.}) 17. Ne5
Ndf6 18. cxd5 exd5 19. Nb5 Bb7 {Avrukh-Adams, Spanish league 2008. Here I
overlooked the strong idea} 20. Bh3 $1 Rcd8 21. dxc5 bxc5 22. Ba5 $1 $16) 12.
Na3 {Whte's knight supports the c4-pawn and at the same time it can move to b5
at a suitable moment.} ({Worse is} 12. Nc3 $6 {, as Black can simply capture
the c4-pawn} dxc4 13. bxc4 Bxc4 14. Ne5 Bd5 $1 {Sulava,N (2516)-Sprenger,J 
(2431)/Metz 2003/CBM 093 ext (21)}) 12... Bb7 13. Qb2 {White removes in
advance his queen from c-file and prepares at the same time the b3-b4 advance.}
(13. a5 $6 {is premature in view of} dxc4 14. Nxc4 {Kortschnoj,V (2635)-Lerner,
K (2580)/Muenster 1996. and now the simple} b5 $1 {gives Black an excellent
position, for instance:} 15. Nce5 Be4 16. Qb2 Nxe5 17. dxe5 Nd5 $15) 13... Ne4
(13... Rc8 {Another popular option.}) 14. Be1 $1 {White's bishop belongs to
this square, where it helps to start White's play on the queenside by means of
b4, a5 and etc.} ({Black does not experience any problems after} 14. Bf4 $6 Bf6
{Novikov,S (2535)-Jakovenko,D (2691)/Moscow 2007/CBM 117 (81)}) 14... Bf6 {
A pretty natural move. Black's bishop becomes more active on a long diagonal.
One of the recent games saw an interesting alternaitve idea} (14... f5 15. b4
Bc6 16. a5 $6 {Obviously this is the right moment to improve White's play, as
after the text move Black took over the initiative} cxb4 17. Bxb4 bxa5 18. Bxe7
Qxe7 19. c5 Rab8 20. Qc1 a4 $17 {Miroshnichenko,E (2667)-Nakamura,H (2699)/AUT}
) 15. e3 {[%csl Gd4] White strenghtens the d4-pawn and at the same time
creates an idea of the move Ne5. Here I deviated from the game
Mikhalevski-Lerner Israeli league 2009, which had been played two rounds
before, where Victor opted for} (15. Rac1) 15... Qe7 $146 {This logical move
appears to be a novelty. Previously Black tried unsuccessfully to release the
tension in the centre by means of} (15... cxd4 16. Nxd4 Qb8 17. Rac1 Rd8 18.
Qb1 a6 19. a5 $1 {[%csl Gb6]} Be7 20. Nac2 bxa5 21. Bxa5 Rc8 22. Nb4 $1 Nef6
23. cxd5 Bxb4 24. Bxb4 Bxd5 25. Rxc8+ Qxc8 26. e4 Bb7 27. f3 $16 {1/2-1/2
Piket,J (2640)-Kramnik,V (2740)/Monte Carlo 1997/CBM 057 ext (51)}) 16. Ne5 {
This was my original idea. The main point is that with the bishop on f6, Black
cannot comfortably capture on e5 with his knight.} g6 $1 {A very good
positional idea, Black intends first to play next Bg7, thus creating the idea
of knight recapture with his own knight.} 17. a5 {It was too early for} (17.
Nxd7 Qxd7 18. Bxe4 dxe4 19. Bc3 {, as Black keeps the balance after} Qe7 20.
dxc5 Bxc3 21. Qxc3 bxc5 22. Nb5 a6 23. Nd6 Bd5 $1 24. cxd5 Qxd6 25. dxe6 Qxe6
26. Qxc5 Qxb3 $11 {should be not much.}) 17... bxa5 $6 ({I was expecting} 17...
Bg7 {and probably this was the best option for Black. I was planning to play}
18. Nxd7 Qxd7 19. Bxe4 dxe4 20. Bc3 Qe7 21. dxc5 Bxc3 22. Qxc3 bxc5 23. Nb5 {
, but here again as in the previous note Black can play} a6 24. Nd6 Bd5 {
In the event of} (24... Rad8 25. Qe5 Qc7 26. Kg2 {Black'sposition is pretty
passive and White can slowly prepare the advance of his kingside pawns} Ba8 27.
Rab1 {with the idea 28.b4} Rb8 28. h4 $36) 25. cxd5 Qxd6 26. dxe6 Qxe6 27. Qxc5
Qxb3 28. Rab1 $14 {[%csl Ra6] and White keeps some annoying pressure.}) ({
Also interesting for him was} 17... cxd4 18. exd4 Bg7 {, but here White has an
unexpected tactical idea} 19. a6 $1 Bxa6 20. Nc2 {[%csl Ga6][%cal Ge1b4]} Nxe5
21. dxe5 Bb7 {I don't believe Black has sufficient compensation after} (21...
Nc5 22. b4 Bxc4 23. bxc5 bxc5 24. Rab1) 22. Bxe4 dxe4 23. Bb4 Qg5 24. Bxf8 Rxf8
{The main point is that} (24... Bxe5 $2 {is impossible in view of} 25. Be7 $1
$18) 25. Rxa7 Bxe5 26. Qc1 $14 {White is better.}) 18. Bxa5 Rfc8 $2 {This
allows White to simplify the position in his favour. Better would have been} (
18... cxd4 $142 19. exd4 Bg7 {Here White should play} 20. Nd3 {retaining
better chances. Not so clear} (20. Nxd7 Qxd7 21. f3 Nd6 22. c5 Nf5 23. Nc2 Ba6
$1 $13)) 19. Nxd7 Qxd7 20. Bxe4 $1 dxe4 21. Bc3 {The key point of White's idea.
Black is forced to trade his dark-squared bishop.} Qe7 22. dxc5 Bxc3 23. Qxc3
Rxc5 {After more or less a series of forced moves we reached the position I
was aiming for when I played my 19th move. White has a clear positional
advantage, as Black has no compensation for White's extra pawn on the kingside,
Black's bishop is seriously restricted by his own pawn (e4), while White's
knight can enter into the game very easily.} ({Even worse would be} 23... Qxc5
24. Nb5 {[%cal Gb5d6] with tactical justification} Qxb5 {[%csl Gc3]} 25. Rd8+
$1 Rxd8 26. cxb5 {with a winning poisition.}) 24. Ra2 $5 {White obviously
intends to double his rooks on d-file. Quite strong would have been} (24. Nb5
a6 25. b4 $1 (25. Nd6 Bd5 $1 {would significantly reduce White's advantage.})
25... Rc6 26. Nd4 Rd6 (26... Rcc8 27. Nb3 $1 $16) 27. c5 {only not} (27. Nb3 $6
Rd3 $1 28. Rxd3 exd3 $132 {and Black would be happy to activate his light
bishop even at the cost of a pawn.}) 27... Rdd8 28. Nb3 $16) 24... Rh5 {
An understandable decision. Black tries somehow to create counterplay, as he
didn't like to suffer passively.} 25. Rad2 $6 {Much stronger was} (25. Nb5 $1
a6 {Another line} (25... e5 {[%cal Ge7e6,Ge6h3]} 26. Nd6 Bc6 27. Qa5 $1 Qe6 28.
Qc7 {and it appears} Qh3 {is not really a big problem for White} 29. f3 $1 $18
{[%csl Gh2][%cal Ga2h2] and Black unavoidably loses material.}) 26. Nd6 {
During the game I considered this position unclear, as Black has} Bd5 {[%csl
Gd6] In fact I overlooked the incredibly strong} 27. Qb4 $1 {I missed this
move.} Bc6 28. Qb6 {and Black loses the a6-pawn.}) 25... Bc6 $1 {Now Black
take control over the b5-square and White has to activate his knight via the
c2-square.} 26. Nc2 a5 {Another good positional move. Black prevents Nb4 which
was coming.} 27. Rd6 Bd5 28. Rb6 {White uses a drawback of Black's 26th move,
that weakened the b6-square.} Qc7 29. Rb5 $1 {This move is much stronger than}
(29. Qd4 Bc6 {[%csl Gb6] and White is slightly tied up with his rook on b6.})
29... a4 $1 {The best chance.} 30. Rd4 {The alternative would be} (30. Ra1 {
which seems to me stronger} axb3 31. Rxa8+ Bxa8 32. Rxh5 gxh5 33. Qxb3 h4 34.
Qb5 $16 {[%cal Gb5g5,Gb5e8]}) 30... axb3 {Black couldn't advance his a-pawn} (
30... a3 {, as after} 31. Rd1 $1 a2 32. Ra1 {White eventually will capture the
a-pawn.}) 31. Qxb3 Bc6 32. Rxh5 gxh5 33. h4 {In the event of} (33. Nb4 {
Black should reply with the calm} Be8 $14 {, but not} (33... h4 34. Qd1 $1 $16
{[%cal Gd1g4]})) 33... e5 $1 34. Rd1 $14 {Black has managed to get back into
the game; still, White retains better chances, thanks to his better pawn
structure.} Rb8 {Doesn't change much.} (34... Ba4 35. Qc3 Rd8 36. Rc1 $1 $14)
35. Qa3 Rd8 36. Rc1 Rd2 $2 {A serious mistake.} (36... Be8 $142 $1 {And Black
is seriously in the game.}) 37. Qb4 $2 $138 {Being already short of time I
missed the following nice idea} (37. Qc5 $1 {[%cal Gc2b4]} Qd7 38. Qxe5 Rd1+
39. Rxd1 Qxd1+ 40. Kg2 Qxc2 (40... Qf3+ $142 41. Kf1 Qd1+ 42. Ne1 $16) 41. Qg5+
$1 Kf8 42. Qc5+ $18 {[%cal Gc5c6] with winning position for White.}) 37... Rd6
38. Qc5 Qe7 {[%csl Gc5][%cal Gd6d1] Threatening 39...Rd1} 39. Rf1 ({Much
stronger was} 39. Qa5 $1 {with the idea of Nb4 and starting to push the a-pawn.
}) 39... Qe6 40. Nb4 {Black's position is pretty difficult here, as White has
managed to activate his knight.} Bb7 41. Qc7 {Again I miss the best option} (
41. Qb5 Rb6 42. Qa5 $1 {followed by the advance of the c-pawn.}) 41... Rd7 42.
Qb8+ Kg7 43. c5 f6 $1 {Black defends the e5-pawn and is ready to activate his
queen.} 44. Qa7 (44. Rc1 {allows} Qg4 $1 {[%cal Gd7d1]} 45. Re1 Qe6 {and it's
not clear how to improve White's position.}) 44... Bc8 $2 {Black didn't take a
great opportunity} (44... Qc4 $1 {Would keep the balance, for instance} 45. Na2
(45. Rb1 Qb5 46. Qb6 Qe2) 45... Bc6 46. Qa5 Rb7 {and Black's pieces are very
active.}) 45. Qa8 Rb7 (45... Bb7 46. Qa4 Rc7 47. Rc1 $16) 46. Nd5 $1 {Being in
serious time trouble I was happy to simplify the position and forget forever
about possible mating attacks for Black on the light squares.} Qxd5 47. Qxc8
Qd7 48. Qa8 $1 {Of course White has no intention to trade queens, as after} (
48. Qxd7+ Rxd7 {the endgame is absolutely drawish.}) 48... Rc7 49. Qa5 Qc6 {
It looks like Black is very close to a draw. He has managed to block White's
passed pawn and it's not clear how White can break through. In fact I believe
Black's position is very difficult; White has a clear plan : he should find a
good way to sacrifice his passed pawn, and switch to the attack against
Black's monarch.} 50. Rd1 Kg6 51. Rc1 Rc8 52. Qb4 {In the beginning my idea
was just to make a few moves in order to gain some minutes for figuring out
the right idea.} Qd5 53. Qb6 Qc6 (53... Rc6 54. Qb8 Qe6 {seems to me Black's
best chance, though I believe White should be able to squeeze a full point
from this position.}) 54. Qb3 {Finally I found the right idea to take control
over the a2-g8 diagonal.} Rd8 55. Qc4 $1 {[%csl Ge4] The e4-pawn is also being
aimed at.} Rc8 $2 {This allows White to penetrate decisively. More stubborn was
} (55... Rd7 {, though here after} 56. Rb1 Qd5 57. Qa4 {Black's position is
very difficult.}) 56. Rd1 $1 $18 {Now Black has no hope against White's
offensive.} Qxc5 57. Qxe4+ f5 58. Qb7 $1 {[%csl Rg6]} Rc7 59. Qb8 ({Also very
strong was.} 59. Qb3) 59... Rc8 60. Rd6+ Kf7 61. Qb3+ Qc4 62. Rd7+ Kf6 {
This loses at once, but even after the best defence} (62... Ke6 {White wins
easily} 63. Qb7 Qc6 64. Re7+ Kd6 65. Qxc6+ Rxc6 66. Rxh7 $18 {[%cal Gh7h5]})
63. Qb6+ Rc6 64. Qd8+ {Mate in two is coming.} 1-0